000 00342 a2200157 4500
001 182090
020 _a85-7393-238-4
040 _cMagnum
100 _aSantos, Jorge Fernando Dos
240 1 0 _aSumidouro das almas
_lpor
245 1 0 _aSumidouro das almas
300 _a209
362 0 _a2003
697 _aLITERATURA GERAL
942 _cBK
999 _c182090
_d182090